000
00232nam a2200097Ia 4500
008
120527s9999 xx 000 0 und d
100
_a
MORGAN and CARTER
245
_a
Investigating Biology
260
_b
Bergamin Cumming
942
_c
BK
999
_c
25581
_d
25581